00604 2200229 4500001002100000005001500021035002000036007000300056008004100059020002200100082001000122084001600132100001900148245006200167250001000229260003400239300003100273650002800304700002000332990001100352990001100363INLIS00000000000423420191016022946 a0010-1019000086ta191016 g 0 ind  a978-602-1656-11-2 a746.4 a746.4 HEN b0 aHENNIE, Bakrie1 aBros Bunga rajut /cHennie Bakrie; editor, Berliyandy T.R acet.1 aSurabaya :bTiara Aksa,c2015 a78 hlm. :bilus. ;c21 cm. 4aSENI TEKSIL. RAJUT KAIN0 aBERLIYANDY, T.R a6968 a a6968 b